Spôsob spracovávania kvapaliny a zariadenie na spracovávanie kvapaliny

Bibliographic Details
Main Author: Cook, Brian George (Author)
Format: Book
Language:Slovak
Published: [Banská Bystrica] Úrad priemyselného vlastníctva Slovenskej republiky [2005]

MARC

LEADER 00000nam a2200000 a 4500
001 vtls001560811
003 SK-MaSNL
005 20260302073952.0
008 240315s xo d 000 0 slo
013 |a 284 265  |b ca  |c patentový spis  |d 20041201  |e dátum nadobudnutia účinkov patentu (Vestník ÚPV SR č.: 12/2004)  |d 20041112  |e dátum sprístupnenia patentu verejnosti 
013 |a 1564-96  |e číslo prihlášky  |d 19950620  |e dátum podania prihlášky  |d 19971008  |e dátum zverejnenia prihlášky (Vestník ÚPV SR č.: 10/1997 ) 
013 |a 2,126254  |e číslo prioritnej prihlášky  |d 19940620  |e dátum podania prioritnej prihlášky 
013 |a PCT/CA95/00355  |e číslo podania medzinárodnej prihlášky podľa PCT 
013 |a WO95/35262  |e číslo zverejnenia medzinárodnej prihlášky podľa PCT 
040 |a SNK  |b slo  |c SNK  |e AACR2 
100 1 |a Cook, Brian George  |4 aut  |9 739013 
245 1 |a Spôsob spracovávania kvapaliny a zariadenie na spracovávanie kvapaliny 
260 |a [Banská Bystrica]  |b Úrad priemyselného vlastníctva Slovenskej republiky  |c [2005] 
919 |a ISBN 
999 |c 1163077  |d 1165007 
952 |a SNK  |b SNK  |y PREZ  |7 0  |p 17A0465993  |o snkSK 284265  |i snk2005/6536  |8 0  |0 0  |1 0  |4 0  |d 2005-04-20  |l 0  |r 2026-02-24 20:39:32  |w 2026-02-24